header

Fatigue and fracture (Record no. 67744)

MARC details
000 -LEADER
fixed length control field 01209nam a2200313 a 4500
245 00 - TITLE STATEMENT
Title Fatigue and fracture
260 ## - PUBLICATION, DISTRIBUTION, ETC. (IMPRINT)
Place of publication Materials Park, Ohio :
Name of publisher ASM International,
Year of publication 2012.
300 ## - PHYSICAL DESCRIPTION
Number of Pages xi, 685 p. :
Other physical details ill.
650 #0 - SUBJECT ADDED ENTRY--TOPICAL TERM
Topical Term Steel, Structural
Topical Term Steel, Structural
700 1# - ADDED ENTRY--PERSONAL NAME
Personal name Campbell, F. C.
856 40 - ELECTRONIC LOCATION AND ACCESS
Uniform Resource Identifier http://site.ebrary.com/lib/rucke/Doc?id=10627938

No items available.

© 2026 Rongo University
Contact us: librarian | system librarian | Rongo university